000 00669nam a22001937a 4500
005 20251108172048.0
008 250721s9999 xx 000 0 ara d
082 1 4 _a346.06/عبد
100 1 _aفوده، عبد الحكم
245 1 0 _aشركات الأشخاص :
_bشركات التضامن - التوصية البسيطة - المحاصه على ضوء الفقه و قضاء النقض /
264 1 _aالإسكندرية :
_bدار الفكر الجامعي،
300 _a256ص
650 1 7 _aالقانون التجاري
650 1 7 _aالشركات
650 1 7 _aالقوانين
650 1 7 _aالأنظمة
942 _2ddc
_cBK
999 _c69473
_d69473